00858nam a2200181 i 4500001000700000003000900007005001700016007000300033008004100036100004200077245019000119246008700309260009200396300002000488650008100508650005900589852002800648129087ES-MaACL20230906193432.0t|070605m19221941sp d ||||1|cspa d1 aTejera y R. de Moncada, José Pío.10aBiblioteca del murciano, o Ensayo de un diccionario biográfico y bibliográfico de la literatura en Murcia / cformado, dispuesto y compilado por José Pío Tejera y R. de Moncada.3 aEnsayo de un diccionario biográfico y bibliográfico de la literatura en Murcia aMadrid : b[s.n.], c1922-1941 (fTip. de la Revista de Archivos, Bibliotecas y Museos) a2 v. ; c29 cm. 4aEscritores españoles-zMurcia (Comunidad Autónoma)-vBiobibliografías. 4aLiteratura española-zNavarra (Comunidad Autónoma)4 aES-MaACLjE-3267-67-bis